Quizzes
Events
Quiz Creation
Community
Videos
Private Events
Remove Ads
Sign In
Join for FREE
Feedback
Dark Mode
Quiz Categories
Sports
Geography
Music
Movies
Television
Just For Fun
Miscellaneous
History
Literature
Language
Science
Gaming
Entertainment
Religion
Holiday
For Kids
Quiz Lab
Recent
Popular Today
Quiz Kudos Today
Editor Picks
Curator Picks
Quizzes by...
Day
Popularity
Type
Ratings
Length
Year
Community
Subscriptions
Recent Discussions
Orange Saloon
Badges
Playlists
Quests
Create
Leaderboards
Showdown
Live 5
Trivia Bingo
Activity
Puzzle Library
Sporcle Events
Private Events
Virtual Trivia
Globe League
Become a Host
Pub Owners
SporcleCon
Opinionation
Our Games
Videos
Blog
Mobile Apps
Partnerships
Remove Ads and Go Orange
Feedback
Music
Pop Music
The Beatles
Song
Album
Lyrics
Bands
Singers
Artist
Clip
Rock
Rap
Classical
Billboard
Country Music
Kpop
Taylor Swift
Music
Pop Music
The Beatles
Song
Album
Lyrics
Bands
Singers
Artist
Clip
Rock
Rap
Classical
Billboard
Country Music
Kpop
Taylor Swift
Random Quiz
Search Sporcle
×
Quiz Lab
Quiz Lab
Music
Song
Type in answers that appear in a list
Type in answers that appear in a list
Classic
Best Score? Go Orange.
Losing Touch Lyrics Stats
Do you know the lyrics to The Killers song Losing Touch?
By
campervancanucks
10m
209 Questions
121 Plays
121 Plays
121 Plays
Comments
Comments
Give Quiz Kudos
Give Quiz Kudos
-
- Ratings
hide this ad
Replay
Link that replays current quiz
Next Quiz
Link to next quiz in quiz playlist
You Got
0%
They Got
Avg Score
79%
Avg Friend Score
Upgrade to see
Score Distribution
Jump to the score distribution portion of the page
Score
0/209
Timer
10:00
0
Plays Today
Lyrics
% Correct
you
98.3%
You
98.3%
you
98.3%
I
98.3%
a
98.3%
You
98.3%
you
98.3%
you
98.3%
You
98.3%
a
98.3%
I
98.3%
you
98.3%
you
98.3%
You
98.3%
you
98.3%
You
98.3%
a
98.3%
you
98.3%
you
98.3%
your
96.7%
your
96.7%
losing
96.7%
touch
96.7%
your
96.7%
losing
96.7%
touch
96.7%
your
96.7%
your
96.7%
your
96.7%
losing
96.7%
touch
96.7%
your
96.7%
your
96.7%
your
96.7%
your
96.7%
losing
96.7%
touch
96.7%
I'm
95.9%
I'm
95.9%
I'm
95.9%
I'm
95.9%
I'm
95.9%
I'm
95.9%
I'm
95.9%
I'm
95.9%
An
95%
An
95%
go
92.6%
and
92.6%
go
92.6%
and
92.6%
and
92.6%
go
92.6%
and
92.6%
And
92.6%
and
92.6%
the
90.9%
the
90.9%
friends
90.9%
friends
90.9%
the
90.9%
the
90.9%
the
90.9%
the
90.9%
friends
90.9%
me
90.1%
in
90.1%
me
90.1%
me
90.1%
in
90.1%
Lyrics
% Correct
me
90.1%
in
90.1%
tell
90.1%
me
90.1%
in
90.1%
tell
90.1%
me
90.1%
in
90.1%
tell
90.1%
in
90.1%
me
90.1%
in
90.1%
me
90.1%
in
90.1%
tell
90.1%
my
89.3%
my
89.3%
my
89.3%
my
89.3%
that
86.8%
that
86.8%
no
86%
no
86%
no
86%
hour
83.5%
hour
83.5%
hour
83.5%
darkest
82.6%
hurry
82.6%
of
82.6%
be
82.6%
darkest
82.6%
hurry
82.6%
Of
82.6%
darkest
82.6%
hurry
82.6%
be
82.6%
It
81.8%
it
81.8%
it
81.8%
how
81%
how
81%
with
80.2%
with
80.2%
with
80.2%
Console
79.3%
Console
79.3%
got
79.3%
got
79.3%
Console
79.3%
got
79.3%
run
78.5%
run
78.5%
run
78.5%
is
77.7%
doom
77.7%
must
77.7%
true
77.7%
soul
77.7%
doom,
77.7%
must
77.7%
true
77.7%
soul
77.7%
impending
76.9%
Impending
76.9%
lost
76%
sold
76%
sold
76%
lost
76%
hear
75.2%
Lyrics
% Correct
always
74.4%
Fill
74.4%
always
74.4%
Fill
74.4%
way
74.4%
home
74.4%
Fill
74.4%
way
74.4%
home
74.4%
way
74.4%
home
74.4%
made
72.7%
back
72.7%
made
72.7%
back
72.7%
made
72.7%
back
72.7%
truth
71.9%
their
71.9%
But
71.1%
But
71.1%
But
71.1%
rumours
70.2%
rumours
70.2%
velvet
68.6%
heads
67.8%
chair
66.1%
Convince
65.3%
what
64.5%
Like
64.5%
like
64.5%
away
63.6%
well
63.6%
stories,
62.8%
Caress
61.2%
cries
61.2%
roman
58.7%
roman
58.7%
grey
57.9%
legend
57.9%
vagabond,
57%
vagabond
57%
from
56.2%
from
56.2%
wishing
56.2%
city
56.2%
went
54.5%
grows
53.7%
cast
52.9%
night
52.9%
down
52.9%
wonder
51.2%
prize
48.8%
Then
47.9%
conspired
47.1%
you've
45.5%
sure
44.6%
consolation
44.6%
about
43.8%
ghosts
41.3%
Conceal
38.8%
throw
38.8%
yeah
37.2%
gone
36.4%
heard
35.5%
crown
28.9%
dead
28.9%
allegiance
24.8%
dawns
14%
Quiz Playlist
Details
Report
Send in Message
Add To Playlist
Classic:
Type in answers that appear in a list
Last Updated: Feb 16, 2017
Quiz Scoreboard
CHALLENGE
Sign Up to Join the Scoreboard
Show All
Scores
Hide
Comments
May contain spoilers
Recently Published
9x9 Crossword: Cartoon Network
by jackfrog10
Miscellaneous
3m
College Basketball Coaching Resumes
by pancakes188
Sports
9m
Billboard Blitz: Fleetwood Mac
by CooCooCachoo
Music
15s
More to Explore
Quiz From the Vault
Featured Blog Post
Where Did the Easter Bunny Come From?
hide this ad
You Might Also Like...
Tags
Song Quiz
Killer
Losing
The Killers
touch
Today's Top Quizzes in Music
Browse Music
hide this ad
Today's Top Quizzes in Song
Browse Song
Top Contributed Quizzes in Music
1
Taylor Swift All Songs (2024)
2
Guess the Artist- 70s Songs
3
7-to-1: Billboard Hot 100 #1 Hits of 2010s
4
Taylor Swift Logic Puzzle
5
Sorting Albums and Songs
6
KPOP LOGIC QUIZ
7
Guess the Taylor Swift song (Mystery Song)
8
Guess The Taylor Swift Lyrics Song #1
9
Billboard Blitz: ABBA
10
Billboard Blitz: The Beatles
Explore More
Trending Topics
NBA
Harry Potter
Kpop
Marvel
Anime
Disney
Crossword
Puzzle
Pokémon
Soccer
NFL
Song
Country
The Office
WWE
hide this ad
More By:
campervancanucks
Quiz
Plays
Rating
Category
Featured
Created
Harry Potter Prophecy
866
4.89
Literature
Oct 16, 2016
Mystery Song Lyrics - #10
615
5.00
Music
Jul 2, 2020
Harry Potter Quiz (Guess Answer)
364
1.50
Entertainment
Oct 10, 2016
Crabbe or Goyle?
309
5.00
Literature
Nov 22, 2016
Runaways Lyrics Part One
303
5.00
Music
Jan 29, 2017
Go to Creator's Profile
Score Distribution
Quiz Creator Spotlight
campervancanucks
Follow
Send a Message
Quizzes Created
-
Created Quiz Play Count
-
More By This Creator
Popular Quizzes Today
1
Find the US States - No Outlines Minefield
2
Find the Countries of Europe - No Outlines Minefield
3
The Countries of the World
4
Find the US States
5
Risky Map Clicking: Biggest States A-Z
6
US States
7
Popular People in 1961
8
Movies - When Are They Set?
More Music Quizzes
Fifteen Minutes of Fame (Music)
Quiz Lab
Trending Quizzes
Risky Map Clicking: Least Populous States A-Z
1-10 Letter G Words
Risky Map Clicking: Next State Alphabetically
Adjectives in 80s TV Shows
Risky Map Clicking: Biggest States A-Z
Recently Updated
Leaping Animals
pecheneg
Reality TV Shows (A-Z)
bhenderson79
Rickey Henderson's Hall of Fame Teammates
pecheneg
Champions League XIs: Arsenal
pecheneg
Quick Pick: Celebrities in WWE's Hall of Fame
aduchscher
A-Z Keypad Blitz II
pecheneg
Multiple Oscar Actors
pecheneg
Mystery Phrase Blitz: Oscar 'Best Actors'
pecheneg
F. Scott Fitzgerald Novels
LTH
Pick 3 Villains
ddd62291
Trending Topics
Crossword
Marvel
Anime
Harry Potter
Kpop
Disney
NBA
WWE
Song
Country
Pokémon
Soccer
Puzzle
The Office
NFL
Your Account Isn't Verified!
In order to create a playlist on Sporcle, you need to verify the email address you used during registration. Go to your
Sporcle Settings
to finish the process.
Report this User
Report this user for behavior that violates our
Community Guidelines
.
Details:
Send Report
Go to the Sporcle.com Mobile Site →
Comments